Zodpovednosť za vady tovaru a záruka za akosť bakalárska práca

Salvato in:
Dettagli Bibliografici
Autore principale: Vaňová, Tatiana
Ente Autore: Obchodná fakulta EU. Katedra obchodného práva
Altri autori: Vačoková, Lenka, 1983-
Natura: Libro
Lingua:slovacco
Pubblicazione: Bratislava 2011
Tags: Aggiungi Tag
Nessun Tag, puoi essere il primo ad aggiungerne!!

MARC

LEADER 00000nbm a2200000 4500
001 0132016
005 20161109111426.3
041 0 |a slo 
044 |a SK 
245 1 0 |a Zodpovednosť za vady tovaru a záruka za akosť  |b bakalárska práca  |c Tatiana Vaňová ; školiteľ: Lenka Vačoková 
264 1 |a Bratislava  |c 2011 
300 |a 40 s. 
100 1 |a Vaňová, Tatiana 
700 1 |a Vačoková, Lenka, 1983- 
710 2 |a Obchodná fakulta EU. Katedra obchodného práva